000 00248nam a22000977a 4500
999 _c11639
_d11639
008 190923b ||||| |||| 00| 0 eng d
020 _a9788182965041
100 _aRoy Gautam
_97342
245 _aPerfect Art Education
260 _aNew Delhi
_bArya
_c2019